Anuari estadístic de la Ciutat de Barcelona 1989 / Ajuntament de Barcelona. Servei d'Estadística ; direcció i coordinació, Anna Ventura, Carme Pujol
Descripción Física:
642 p. ; 30 cm
Materias:
Barcelona -- Estadístiques
MARC
| LEADER | 00000nam a2200000Ia 4500 | ||
|---|---|---|---|
| 001 | 11292 | ||
| 003 | BGR | ||
| 005 | 20260324175611.0 | ||
| 008 | 160829s1990 xx 000 0 cat d | ||
| 080 | |a M-1-99 | ||
| 110 | 1 | |a Barcelona (Catalunya). |b Ajuntament |9 50981 | |
| 245 | |a Anuari estadístic de la Ciutat de Barcelona 1989 / Ajuntament de Barcelona. Servei d'Estadística ; direcció i coordinació, Anna Ventura, Carme Pujol | ||
| 260 | |a Barcelona : |b Ajuntament de Barcelona, |c 1990 | ||
| 300 | |a 642 p. ; |c 30 cm | ||
| 650 | |a Barcelona |x Estadístiques |9 34690 | ||
| 700 | |a Ventura, Anna, dir. i coord. |9 34691 | ||
| 700 | |a Pujol, Carme, dir. i coord. |9 34692 | ||
| 901 | |a Arxiu | ||
| 942 | |n 1 |2 udc |c MON | ||
| 952 | |0 0 |1 0 |4 0 |6 M199 |7 1 |9 46610 |a Arxiu |b Arxiu |d 2016-12-01 |l 0 |o M-1-99 |p 11292 |r 2016-12-01 00:00:00 |w 2016-12-01 |y ARXIU | ||
| 999 | |c 50403 |d 50403 | ||